| 000 | 00894nam a22002417a 4500 | ||
|---|---|---|---|
| 003 | OSt | ||
| 005 | 20170718131836.0 | ||
| 008 | 170718e201704 spc|||| |||| 0|0 0 spa|d | ||
| 017 |
_aDL B 6298-2017 _bBiblioteca de Catalunya |
||
| 020 | _a9788494628924 | ||
| 040 |
_aES-BaBC _bcat _cCDMR |
||
| 100 | 1 |
_aAlcoverro, Tomás _d1940- _92950 |
|
| 245 | 1 | 0 |
_a¿Por qué Damasco? _c/ Tomás Alcoverro ; prólogo de Miguel Ángel Moratinos ; epílogo de Plàcid Garcia-Planas |
| 250 | _aSegunda edición | ||
| 260 |
_aBarcelona : _bDiëresis, _c2017 |
||
| 300 |
_a323 pàgines ; _c23 cm |
||
| 500 | _aSubtítol a la coberta: "Estampas de un mundo que se desvanece" | ||
| 650 | 4 |
_94235 _aGuerra _xCobertura periodística |
|
| 651 | 7 |
_aSíria _xHistòria _y2011-, Guerra Civil _2lemac |
|
| 651 | 7 |
_aOrient Mitjà _xHistòria _yS. XX _2lemac |
|
| 651 | 7 |
_aOrient Mitjà _xHistòria _yS. XXI _2lemac |
|
| 942 | _cMON | ||
| 999 |
_c7047 _d7047 |
||